Мне бы рассердить вас раньше. Эссе о науке, ученых и гуманизме: пер. с англ.
| Hovedforfatter: | |
|---|---|
| Summary: | Макс Перутц (1914-2002) был одним из крупнейших ученых XX века. Он первым установил пространственную структуру белка, был создателем белковой кристаллографии и одним из основателей новой науки - молекулярной биологии. В его небольшой группе в Кавендишской лаборатории Кембриджа, его аспирантом Френсисом Криком и молодым сотрудником Джимом Уотсоном, было сделано величайшее открытие современности - установлена структура ДНК. В течение своей долгой жизни в науке Перутц встречался с Лизой Мейтнер, Франсуа Жакобом, Сент-Дьорди, Лайнусом Полингом, Брэггом, Джоном Берналом, Дороти Ходжкин и многими другими современниками. О других ученых он много знал и имел возможность оценить их деятельность. Это изобретатель отравляющих газов Фритц Хабер, физик-ядерщик Лео Сцилард, академик Андрей Сахаров, Пастер, Дарвин и множество других. В этой книге, которая уже выдержала несколько англоязычных изданий, собраны произведения Перутца. В главе «Враждебный иностранец» он рассказывает свою полную драматизма историю - сначала студента, а затем эмигранта из Австрии, о депортации во время войны в концлагерь в Канаде. Потом - внезапное возвращение в Англию и участие в сверхсекретном проекте по созданию ледового аэродрома. В еще нескольких главах Перутц увлекательно рассказывает о деле всей его жизни - открытии структуры гемоглобина и того, как он функционирует. В своих эссе о науке, ученых и гуманизме Перутц исследует открытия, сделанные гигантами науки конца XIX и XX веков, сопоставляя их с порой драматическими мировыми событиями того времени. Эссе написаны живо и интересно, с многочисленными аллюзиями, с классическими характерами и поэзией. |
| Sprog: | russisk |
| Udgivet: |
Москва, Научный мир, 2007
|
| Fag: | |
| Format: | MixedMaterials Bog |
| KOHA link: | https://koha.lib.tpu.ru/cgi-bin/koha/opac-detail.pl?biblionumber=129068 |
MARC
| LEADER | 00000nam0a2200000 4500 | ||
|---|---|---|---|
| 001 | 129068 | ||
| 005 | 20231101220143.0 | ||
| 010 | |a 9785891764170 | ||
| 035 | |a (RuTPU)RU\TPU\book\139663 | ||
| 090 | |a 129068 | ||
| 100 | |a 20080118d2007 k y0rusy50 ca | ||
| 101 | 1 | |a rus |c eng | |
| 102 | |a RU | ||
| 105 | |a ac z 001za | ||
| 200 | 1 | |a Мне бы рассердить вас раньше. Эссе о науке, ученых и гуманизме |e пер. с англ. |f М. Перутц | |
| 210 | |a Москва |c Научный мир |d 2007 | ||
| 215 | |a 432 с. |c ил. | ||
| 320 | |a Библиогр.: с. 427-428. | ||
| 330 | |a Макс Перутц (1914-2002) был одним из крупнейших ученых XX века. Он первым установил пространственную структуру белка, был создателем белковой кристаллографии и одним из основателей новой науки - молекулярной биологии. В его небольшой группе в Кавендишской лаборатории Кембриджа, его аспирантом Френсисом Криком и молодым сотрудником Джимом Уотсоном, было сделано величайшее открытие современности - установлена структура ДНК. В течение своей долгой жизни в науке Перутц встречался с Лизой Мейтнер, Франсуа Жакобом, Сент-Дьорди, Лайнусом Полингом, Брэггом, Джоном Берналом, Дороти Ходжкин и многими другими современниками. О других ученых он много знал и имел возможность оценить их деятельность. Это изобретатель отравляющих газов Фритц Хабер, физик-ядерщик Лео Сцилард, академик Андрей Сахаров, Пастер, Дарвин и множество других. В этой книге, которая уже выдержала несколько англоязычных изданий, собраны произведения Перутца. В главе «Враждебный иностранец» он рассказывает свою полную драматизма историю - сначала студента, а затем эмигранта из Австрии, о депортации во время войны в концлагерь в Канаде. Потом - внезапное возвращение в Англию и участие в сверхсекретном проекте по созданию ледового аэродрома. В еще нескольких главах Перутц увлекательно рассказывает о деле всей его жизни - открытии структуры гемоглобина и того, как он функционирует. В своих эссе о науке, ученых и гуманизме Перутц исследует открытия, сделанные гигантами науки конца XIX и XX веков, сопоставляя их с порой драматическими мировыми событиями того времени. Эссе написаны живо и интересно, с многочисленными аллюзиями, с классическими характерами и поэзией. | ||
| 600 | 1 | |a Перуц (Перутц) |b М. Ф. |c английский биохимик |c Нобелевский лауреат |f 1914-2002 |g Макс Фердинанд |2 stltpush |3 (RuTPU)RU\TPU\pers\21186 |9 8834 | |
| 610 | 1 | |a наука | |
| 610 | 1 | |a биология | |
| 610 | 1 | |a биохимия | |
| 610 | 1 | |a научные открытия | |
| 610 | 1 | |a ученые | |
| 610 | 1 | |a история | |
| 610 | 1 | |a 20 век | |
| 610 | 1 | |a белки | |
| 610 | 1 | |a кристаллография | |
| 610 | 1 | |a молекулярная биология | |
| 610 | 1 | |a гемоглобин | |
| 610 | 1 | |a структура | |
| 675 | |a 577.2 |v 3 | ||
| 686 | |a Ч213д |v LBC/SL-A |2 rubbk | ||
| 700 | 1 | |a Перутц |b М. |g Макс | |
| 801 | 1 | |a RU |b 63413507 |c 20080118 |g PSBO | |
| 801 | 2 | |a RU |b 63413507 |c 20080129 |g PSBO | |
| 942 | |c BK | ||